• 首页
  • 本馆介绍
  • 公告通知
  • 最新文献
  • 馆藏检索
  • 电子资源
  • 读者导购
  • 参考咨询
  • 我的图书馆
  • 登录
  • 详细信息显示
  • 放入我的书架
  • 预约/预借图书
  • 作者相关作品
  • 分类相关作品
  • 丛书相关作品
  • 出版社相关作品

书目信息

  • 表格格式
  • 工作单格式
  • 卡片格式
题名:
分子及其结构
    
 
作者: 沃里肯斯坦 著 ;刘普和 译
分册:  
出版信息: 北京   科学出版社  1958
页数:
开本:
丛书名:
单 册:
中图分类: O561.1
科图分类:
主题词: 分子物理学 , 原子物理学
电子资源:
ISBN:
000 00669nam0 2200229 450
001 0632415640
005 20060426090345.17
010    @dCNY0.80
091    @a13031.888
100    @a20060426d1958 km y0chiy0120 ea
101 0  @achi@crus
102    @aCN@b110000
102    @aCN@b110000
200 1  @a分子及其结构@Afen zi ji qi jie gou@f(苏)М·В·沃里肯斯坦著@F(su)М·В·wo li ken si tan zhu@g刘普和译@Gliu pu he yi
210    @a北京@c科学出版社@d1958
606 0  @a分子物理学
606 0  @a原子物理学
690    @aO561.1@v3
701  0 @a沃里肯斯坦@Awo li ken si tan@4著
702  0 @a刘普和@Aliu pu he@4译
801  0 @aCN@bPFT@c20060426
905    @a10447@dO561.1@e5
    
    分子及其结构/(苏)М·В·沃里肯斯坦著/刘普和译.-北京:科学出版社,1958
    
    
    
    ISBN :CNY0.80
    
●
相关链接 在E读中查询图书 在五车中查询图书 在当当中查询图书 在豆瓣中查询图书


正题名:分子及其结构     索取号:O561.1/5         预约/预借

序号 登录号 条形码 馆藏地/架位号 状态 备注
1 0015824   202295275   密集书库/ [索取号:O561.1/5] 在馆    
唐山师范学院图书馆 欢迎您!
大连网信软件有限公司© 版权所有